Central Library OPAC University of Rajshahi
Normal view MARC view

Entry Personal Name

Number of records used in: 3

001 - CONTROL NUMBER

  • control field: 9920

003 - CONTROL NUMBER IDENTIFIER

  • control field: BD-RjUL

005 - DATE AND TIME OF LATEST TRANSACTION

  • control field: 20231104131318.0

008 - FIXED-LENGTH DATA ELEMENTS

  • fixed length control field: 231104|| aca||aabn | a|a d

040 ## - CATALOGING SOURCE

  • Original cataloging agency: BD-RjUL
  • Transcribing agency: BD-RjUL

100 ## - HEADING--PERSONAL NAME

  • Personal name: Niẓāmī Ganjavī,
  • Dates associated with a name: 1140 or 1141-1202 or 1203

670 ## - SOURCE DATA FOUND

  • Source citation: Work cat.: (BD-RjUL)82246: Niẓāmī Ganjavī, 1140 or 1141-1202 or 1203., The story of Layla and Majnun./, 1966.